Пропуск в контексте

Солнечно-земная физика, 2024, № 4 Журнал

Сохранить в:
Bibliografiske detaljer
Format: Журнал
Udgivelse:1
Online adgang:https://znanium.ru/catalog/document?id=461942
https://znanium.ru/cover/2187/2187728.jpg
Tags: Tilføj Tag
Ingen Tags, Vær først til at tagge denne postø!
LEADER 01328nam0a2200289 i 4500
001 RU\infra-m\znanium\bibl\2187728
003 https://znanium.ru/catalog/document?id=461942
005 20250313000000.0
100 |a 20250313d2025 m y0rusy0150 ca 
101 0 |a rus 
102 |a RU 
200 1 |a Солнечно-земная физика, 2024, № 4  |e Журнал 
205 |a 1 
210 1 |a Иркутск  |c Институт солнечно-земной физики Сибирского отделения Российской академии наук  |d 2024 
215 |a 80 с. 
606 |a Физико-математические науки  |x Теоретическая астрономия. Небесная механика  |2 local 
608 |a Журнал  |2 local 
675 |a 531  |z rus 
686 |a 226  |2 rubbk 
686 |a 03.03.01  |2 okso 
686 |a 03.04.01  |2 okso 
686 |a 03.04.02  |2 okso 
686 |a 03.05.01  |2 okso 
686 |a 03.06.01  |2 okso 
801 0 |a RU  |b Общество с ограниченной ответственностью «ЗНАНИУМ»  |c 20241211  |2 rusmarc 
856 4 |a znanium.ru  |m ebs_support@infra-m.ru  |n НИЦ ИНФРА-М  |u https://znanium.ru/catalog/document?id=461942 
856 4 1 |a znanium.ru  |d /cover/2187  |f 2187728.jpg  |q image/jpeg  |u https://znanium.ru/cover/2187/2187728.jpg